| 000 | 00634nam a2200193Ia 4500 | ||
|---|---|---|---|
| 008 | 191130s2002##################000#0#eng## | ||
| 020 | _a9780805836318 | ||
| 040 |
_aACL _cACL |
||
| 082 | _a302 HAR | ||
| 245 |
_aA clinician's guide to maintaining and enhancing close relationships _cJohn H. Harvey (editor), Amy Wenzel |
||
| 260 |
_aHillsdale, N.J _bLawrence Erlbaum _c2002 |
||
| 300 | _avii, 342 p. : ill. ; 24 cm | ||
| 500 | _aIncludes bibliographical references and index | ||
| 700 | _aHarvey, John H | ||
| 700 | _aWenzel, Amy | ||
| 990 | _aaee12286ac10000c3211458a8c90473a | ||
| 991 | _a222378 | ||
| 999 |
_c339865 _d339865 |
||